| 000 | 00663nam a2200241 a 4500 | ||
|---|---|---|---|
| 001 | 0001-1118 | ||
| 003 | ELIB.Books | ||
| 008 | 150430 2010 eng | ||
| 020 | _a9780801038266 | ||
| 035 | _a(ELIB.Books)0001-1273 | ||
| 092 |
_a225.61 _bSch |
||
| 100 | _aSchreiner, Thomas R. | ||
| 245 |
_aMagnifying God in Christ _bA Summary of New Testament Theology |
||
| 260 |
_aGrand Rapids _bBaker Academic _c2010 |
||
| 300 |
_a272 _c23 Cm |
||
| 500 | _aC/o Moe Lwei | ||
| 650 | _aNew Testament | ||
| 856 |
_nKBTS: Library _uKBTS: Elib |
||
| 942 |
_2ddc _cBK |
||
| 990 | _a2 | ||
| 998 |
_cbat _e2015-04-30 _mcat _u2020-06-03 |
||
| 999 |
_c11118 _d11118 |
||